[Event "XXIV Festival A"]
[Site "Arco ITA"]
[Date "2002.10.24"]
[Round "7"]
[White "Diotallevi, Maurizio"]
[Black "Weinberg, Emanuele"]
[Result "1/2-1/2"]
[WhiteElo "2094"]
[BlackElo "1959"]
[PlyCount "96"]
[EventDate "2002.10.18"]

1. d4 Nf6 2. Bg5 Ne4 3. Bf4 d5 4. Nd2 Bf5 5. f3 Nf6 6. e3 e6 7. Ne2 h6 8. c3
Bd6 9. Bg3 Bd3 10. Kf2 Bxg3+ 11. Nxg3 Bxf1 12. Rxf1 Nbd7 13. Kg1 c5 14. f4 O-O
15. Qe2 Rc8 16. Rad1 Rc6 17. h3 Qb6 18. Nf3 Qa6 19. Qf2 Qb5 20. Rfe1 Ra6 21. a3
c4 22. e4 dxe4 23. Nxe4 Nxe4 24. Rxe4 Qf5 25. Nd2 Rc8 26. Rde1 Rb6 27. Nf1 Qb5
28. R1e2 Qc6 29. R4e3 Rb5 30. g4 g6 31. Qh4 Kg7 32. Qe7 Nf8 33. Ng3 Qc7 34.
Qxc7 Rxc7 35. Re5 Rb6 36. Ra5 a6 37. f5 exf5 38. gxf5 Kh7 39. Rd5 gxf5 40. Nxf5
Rg6+ 41. Kh2 Ne6 42. Rf2 Rf6 43. Kg1 Rc6 44. Re5 Ng5 45. Kg2 Rce6 46. Rf4 Rb6
47. Rf2 Rbe6 48. Rf4 Rb6 1/2-1/2

[Event "XXIV Festival A"]
[Site "Arco ITA"]
[Date "2002.10.24"]
[Round "7"]
[White "Djuric, Stefan"]
[Black "Molnar, Bela"]
[Result "1/2-1/2"]
[WhiteElo "2490"]
[BlackElo "2404"]
[PlyCount "54"]
[EventDate "2002.10.18"]

1. e4 c5 2. Nf3 e6 3. Nc3 a6 4. g3 b5 5. Bg2 Bb7 6. d3 Nc6 7. O-O Nge7 8. Be3
Nc8 9. Re1 Be7 10. e5 Qc7 11. a4 b4 12. Ne4 Nxe5 13. Nxe5 Qxe5 14. d4 Qf5 15.
Nf6+ Bxf6 16. Bxb7 Ra7 17. Bg2 d5 18. h4 h5 19. dxc5 O-O 20. c6 Rc7 21. Bc5 Be7
22. Bxe7 Nxe7 23. Bf1 Rxc6 24. Bd3 Qg4 25. Be2 Qg6 26. Bd3 Qg4 27. Be2 Qg6
1/2-1/2

[Event "XXIV Festival A"]
[Site "Arco ITA"]
[Date "2002.10.24"]
[Round "7"]
[White "Epishin, Vladimir V."]
[Black "Blagojevic, Dragisa"]
[Result "1-0"]
[WhiteElo "2628"]
[BlackElo "2537"]
[PlyCount "51"]
[EventDate "2002.10.18"]

1. d4 d5 2. c4 c6 3. Nf3 Nf6 4. Nc3 e6 5. e3 Nbd7 6. Qc2 Bd6 7. Be2 dxc4 8. a4
e5 9. O-O O-O 10. h3 h6 11. Rd1 Qe7 12. a5 Re8 13. Bxc4 e4 14. Nd2 c5 15. Nf1
a6 16. b3 b5 17. axb6 Nxb6 18. Ba3 Bb7 19. Ng3 g6 20. dxc5 Bxc5 21. Bxc5 Qxc5
22. Ncxe4 Nxe4 23. Nxe4 Qe7 24. Bxf7+ Kxf7 25. Nd6+ Kg7 26. Nxb7 1-0

[Event "XXIV Festival A"]
[Site "Arco ITA"]
[Date "2002.10.24"]
[Round "7"]
[White "Fontanari, Maurizio"]
[Black "De Napoli, Giuseppe"]
[Result "0-1"]
[WhiteElo "2034"]
[BlackElo "1861"]
[PlyCount "69"]
[EventDate "2002.10.18"]

1. d4 Nf6 2. c4 g6 3. g3 Bg7 4. Bg2 O-O 5. Nf3 d6 6. O-O Nc6 7. Nc3 e5 8. d5
Ne7 9. c5 Ne8 10. cxd6 cxd6 11. e4 h6 12. Nd2 f5 13. f4 exf4 14. Rxf4 g5 15.
Rf1 Ng6 16. exf5 Bxf5 17. Nde4 Ne5 18. Qe2 Qd7 19. Be3 Ng4 20. Bd2 Ne5 21. Rae1
Nc7 22. Nf2 Rae8 23. Be4 Bxe4 24. Nfxe4 a6 25. a4 b5 26. b3 b4 27. Nd1 Nxd5 28.
Ne3 Nxe3 29. Rxf8+ Rxf8 30. Bxe3 Nf3+ 31. Kg2 Nxe1+ 32. Qxe1 Qc6 33. Qxb4 Re8
34. Kf3 d5 35. Nd6 0-1

[Event "XXIV Festival A"]
[Site "Arco ITA"]
[Date "2002.10.24"]
[Round "7"]
[White "Fuggetta, Leonardo"]
[Black "Antoniacci, Riccardo"]
[Result "0-1"]
[WhiteElo "2055"]
[BlackElo "1927"]
[PlyCount "78"]
[EventDate "2002.10.18"]

1. Nf3 c5 2. g3 d5 3. Bg2 Nc6 4. d3 e5 5. O-O Be7 6. c3 Be6 7. Qc2 Rc8 8. e4 d4
9. a4 b6 10. Na3 h5 11. h4 f6 12. Nc4 Nh6 13. Nh2 g5 14. f4 gxf4 15. gxf4 Ng4
16. Nf3 Qc7 17. fxe5 Ncxe5 18. Ncxe5 Nxe5 19. cxd4 cxd4 20. Qxc7 Nxf3+ 21. Rxf3
Rxc7 22. Rf2 Bb3 23. Bf4 Rc5 24. Bd2 Rc2 25. Bf4 Rg8 26. a5 Rg4 27. axb6 axb6
28. Rxc2 Bxc2 29. Bc7 Bxd3 30. Kf2 Bxe4 31. Bxe4 Rxe4 32. Bxb6 f5 33. Rd1 Bxh4+
34. Kf3 Bf6 35. b4 Be5 36. b5 h4 37. Rh1 Re3+ 38. Kf2 h3 39. Ba7 Bg3+ 0-1

[Event "XXIV Festival A"]
[Site "Arco ITA"]
[Date "2002.10.24"]
[Round "7"]
[White "Giancotti, Eraldo"]
[Black "Ketzscher, Roland"]
[Result "0-1"]
[WhiteElo "1811"]
[BlackElo "2197"]
[PlyCount "34"]
[EventDate "2002.10.18"]

1. d4 Nf6 2. e3 d5 3. Bd3 c5 4. c3 Nc6 5. f4 g6 6. Nf3 Bg7 7. O-O O-O 8. Nbd2
b6 9. Ne5 Qc7 10. Qf3 Bb7 11. Rf2 Rad8 12. g4 e6 13. g5 Ne8 14. h4 f6 15. gxf6
Bxf6 16. Qg4 Bxe5 17. Qxe6+ Kh8 0-1

[Event "XXIV Festival A"]
[Site "Arco ITA"]
[Date "2002.10.24"]
[Round "7"]
[White "Kleibaumhueter, Klaus"]
[Black "Allegranti, Luca"]
[Result "1-0"]
[WhiteElo "2184"]
[BlackElo "1858"]
[PlyCount "80"]
[EventDate "2002.10.18"]

1. Nf3 f5 2. c4 Nf6 3. Nc3 g6 4. d3 Bg7 5. e4 d6 6. exf5 Bxf5 7. Qb3 Qc8 8. Be2
c5 9. O-O Nc6 10. Nd5 e5 11. Qa4 O-O 12. Bg5 Nxd5 13. cxd5 Nd4 14. Nxd4 exd4
15. Qd1 Rf7 16. Re1 h6 17. Bh4 b5 18. Rc1 Qf8 19. Bg4 h5 20. Bxf5 Rxf5 21. Be7
Qf7 22. Bxd6 c4 23. dxc4 bxc4 24. Rxc4 Qxd5 25. Qb3 d3 26. Rd1 Re8 27. Bc5 Rfe5
28. Be3 d2 29. Rxd2 Qe6 30. Rc3 Qxb3 31. Rxb3 Ra5 32. a3 Rc5 33. g3 Rc1+ 34.
Kg2 Rc7 35. Rd6 Kf7 36. Bg5 Re2 37. Rd8 Bf6 38. Rf3 Rc6 39. Bxf6 Rxf6 40. Rd7+
Ke6 1-0

[Event "XXIV Festival A"]
[Site "Arco ITA"]
[Date "2002.10.24"]
[Round "7"]
[White "Kloster, Josef"]
[Black "Medancic, Rikard"]
[Result "1-0"]
[WhiteElo "2164"]
[BlackElo "2268"]
[PlyCount "73"]
[EventDate "2002.10.18"]

1. e4 e5 2. Nc3 Nc6 3. Bc4 Nf6 4. d3 Be7 5. f4 exf4 6. Bxf4 d6 7. Nf3 Na5 8.
Bb3 Nxb3 9. axb3 h6 10. Qd2 c6 11. O-O O-O 12. h3 d5 13. exd5 Nxd5 14. Nxd5
Qxd5 15. Rae1 Bf6 16. Be5 Bd8 17. c4 Qd7 18. d4 Re8 19. Qf2 Re6 20. Bf4 f6 21.
Rxe6 Qxe6 22. Qg3 Kh7 23. Re1 Qf7 24. Bd6 Be6 25. Nh4 b5 26. Qe3 Bd7 27. Qd3+
f5 28. Nf3 Ba5 29. Re7 bxc4 30. bxc4 Qf6 31. Rxd7 Qe6 32. Ne5 Re8 33. g4 Bb6
34. c5 Qa2 35. Qxf5+ Kg8 36. Rxg7+ Kxg7 37. Qg6+ 1-0

[Event "XXIV Festival A"]
[Site "Arco ITA"]
[Date "2002.10.24"]
[Round "7"]
[White "Lommers, Frank"]
[Black "Swinkels, Robin"]
[Result "1-0"]
[WhiteElo "2212"]
[BlackElo "2169"]
[PlyCount "75"]
[EventDate "2002.10.18"]

1. Nf3 d5 2. g3 Nf6 3. Bg2 e6 4. O-O b6 5. c4 Bb7 6. cxd5 Nxd5 7. d4 Be7 8. Re1
Nf6 9. e4 O-O 10. Nc3 Nbd7 11. Bf4 a6 12. a3 c5 13. d5 exd5 14. e5 Nh5 15. Nxd5
Nxf4 16. Nxf4 Nb8 17. Qc2 Nc6 18. Rad1 Qc8 19. Bh3 Qb8 20. Bf5 g6 21. Be4 Nd4
22. Nxd4 cxd4 23. Bd5 Ra7 24. Qe4 Rd8 25. Rxd4 Bxd5 26. Nxd5 Re8 27. b4 Bd8 28.
Qf4 Re6 29. Rde4 Rd7 30. Ne3 f5 31. Rd4 Rxd4 32. Qxd4 Rxe5 33. Qc4+ Kh8 34. Rd1
Qc7 35. Qxc7 Bxc7 36. Rd7 a5 37. Rxc7 axb4 38. axb4 1-0

[Event "XXIV Festival A"]
[Site "Arco ITA"]
[Date "2002.10.24"]
[Round "7"]
[White "Luciani, Carlo"]
[Black "Scalcione, Michelangelo"]
[Result "1/2-1/2"]
[WhiteElo "2227"]
[BlackElo "2366"]
[PlyCount "111"]
[EventDate "2002.10.18"]

1. e4 e5 2. Nf3 d6 3. d4 exd4 4. Nxd4 Nf6 5. Nc3 Be7 6. g3 d5 7. e5 Ng4 8. Bf4
g5 9. e6 h5 10. exf7+ Kf8 11. Bd2 Bc5 12. Be3 Nxe3 13. fxe3 Nc6 14. Qd2 Ne5 15.
O-O-O c6 16. Bd3 Bg4 17. Rdf1 Qe7 18. Kb1 Bh3 19. Rf2 Ng4 20. Re2 Ne5 21. Rf2
Ng4 22. Re2 Rd8 23. Bf5 Rh6 24. Bxg4 Bxg4 25. Rf2 Rf6 26. Rhf1 Rxf2 27. Rxf2
Qe5 28. a3 Rd7 29. Na4 Bd6 30. Nf3 Qg7 31. Qa5 b5 32. Qa6 Rxf7 33. Qxc6 bxa4
34. Qxd6+ Kg8 35. Qxd5 Qf6 36. Nxg5 Qxf2 37. Nxf7 Qxf7 38. Qd8+ Kh7 39. Qd3+
Kg8 40. Qd8+ Kh7 41. Qd3+ Bf5 42. e4 Bg6 43. Qe2 Qb7 44. g4 h4 45. Qf2 Qe7 46.
e5 Qd8 47. Qe1 Kg7 48. e6 Qc8 49. Qe5+ Kg8 50. Qe2 Kf8 51. Qf2+ Ke8 52. e7 Kxe7
53. Qxh4+ Kf7 54. Qf2+ Kg8 55. Qe2 Qd7 56. Qc4+ 1/2-1/2

[Event "XXIV Festival A"]
[Site "Arco ITA"]
[Date "2002.10.24"]
[Round "7"]
[White "Maneschi, Giuseppe"]
[Black "Pap, Gyula"]
[Result "0-1"]
[WhiteElo "1800"]
[BlackElo "2126"]
[PlyCount "105"]
[EventDate "2002.10.18"]

1. d4 e6 2. Nf3 Nf6 3. e3 b6 4. Bd3 Bb7 5. c4 Be7 6. O-O O-O 7. Nc3 c5 8. d5
exd5 9. cxd5 d6 10. e4 Nbd7 11. Bf4 a6 12. a4 Re8 13. Rb1 Bf8 14. Re1 g6 15. b4
cxb4 16. Rxb4 Rc8 17. Qd2 Nc5 18. Reb1 Nfd7 19. Bc2 Bg7 20. Nd4 Qe7 21. f3 Rc7
22. Bg5 Qf8 23. Nd1 Rec8 24. Ne3 Bh8 25. Rd1 Bg7 26. Qf2 Qe8 27. Bf4 Qf8 28.
Qg3 Be5 29. Ng4 f6 30. Bb1 a5 31. Rb5 Ba6 32. Ne6 Nxe6 33. dxe6 Bxb5 34. Nh6+
Kg7 35. axb5 Bxf4 36. Qxf4 Ne5 37. Ba2 Qe7 38. h4 Rc2 39. Bd5 R2c5 40. Nf7 Nxf7
41. exf7 Rxb5 42. h5 Rbc5 43. h6+ Kf8 44. Qe3 Qe5 45. f4 Qb2 46. Rd2 Rc2 47.
Rxc2 Rxc2 48. Qf3 Rc1+ 49. Kh2 Qa1 50. g3 Rc2+ 51. Kh3 Qg1 52. Kg4 Qh2 53. f5
0-1

[Event "XXIV Festival A"]
[Site "Arco ITA"]
[Date "2002.10.24"]
[Round "7"]
[White "Okkes, Menno"]
[Black "Belotti, Bruno"]
[Result "0-1"]
[WhiteElo "2297"]
[BlackElo "2419"]
[PlyCount "48"]
[EventDate "2002.10.18"]

1. e4 e6 2. d4 d5 3. Nc3 dxe4 4. Nxe4 Nd7 5. Bd3 Ngf6 6. Qe2 c5 7. Nxf6+ Nxf6
8. dxc5 Bxc5 9. Bg5 h6 10. Bd2 O-O 11. O-O-O Qb6 12. f4 Rd8 13. h3 Bd7 14. Kb1
Nd5 15. Ka1 Bd4 16. c3 Be3 17. Nf3 Bxd2 18. Qxd2 Qe3 19. Bb1 Qb6 20. b3 Be8 21.
Qc2 g6 22. Ne5 Ne3 23. Qf2 Nxd1 24. Qh4 Qa5 0-1

[Event "XXIV Festival A"]
[Site "Arco ITA"]
[Date "2002.10.24"]
[Round "7"]
[White "Papp, Gabor"]
[Black "Ivanov, Mikhail M."]
[Result "0-1"]
[WhiteElo "2375"]
[BlackElo "2456"]
[PlyCount "70"]
[EventDate "2002.10.18"]

1. e4 c5 2. Nf3 Nc6 3. d4 cxd4 4. Nxd4 g6 5. Nc3 Bg7 6. Be3 Nf6 7. Bc4 O-O 8.
Bb3 a5 9. O-O d6 10. f3 Nxd4 11. Bxd4 Bd7 12. a4 Bc6 13. Nd5 Bxd5 14. Bxd5 Qc7
15. Bb3 Nd7 16. Bxg7 Kxg7 17. Qd4+ Kg8 18. c3 Rac8 19. Rad1 Qc5 20. Qxc5 Rxc5
21. Rd4 Rfc8 22. Rfd1 Kg7 23. R1d2 g5 24. Kf2 Ne5 25. Ke2 h6 26. Rd5 b6 27.
R5d4 Rb8 28. Rd5 Kg6 29. Ba2 h5 30. g3 g4 31. f4 Nf3 32. Rd1 Nxh2 33. Rh1 Nf3
34. Rhxh5 e6 35. Rhg5+ Nxg5 0-1

[Event "XXIV Festival A"]
[Site "Arco ITA"]
[Date "2002.10.24"]
[Round "7"]
[White "Papp, Judit"]
[Black "Valenti, Giuseppe"]
[Result "1-0"]
[WhiteElo "2138"]
[BlackElo "2230"]
[PlyCount "93"]
[EventDate "2002.10.18"]

1. e4 c5 2. Nf3 e6 3. d4 cxd4 4. Nxd4 a6 5. Bd3 Bc5 6. Nb3 Be7 7. O-O d6 8. f4
Nf6 9. c4 O-O 10. Nc3 Nc6 11. Be3 b6 12. Rc1 Bb7 13. g4 Re8 14. g5 Nd7 15. Qh5
Rb8 16. Rf3 g6 17. Qh6 Bf8 18. Qh4 Bg7 19. Rcf1 Nf8 20. Qf2 Ba8 21. h4 Nd7 22.
Nd4 Nc5 23. Bb1 Ne7 24. Rh3 Qc8 25. Qh2 Nc6 26. Nde2 Nd7 27. h5 Nf8 28. Rh4 b5
29. cxb5 axb5 30. Bc1 b4 31. Nd1 Nd4 32. Be3 Qc4 33. Nxd4 Bxd4 34. Qf2 Bxe3 35.
Nxe3 Qc5 36. Ng4 Rec8 37. Nf6+ Kg7 38. hxg6 fxg6 39. e5 dxe5 40. fxe5 Qxf2+ 41.
Kxf2 Rc5 42. Rd1 Rxe5 43. Rd7+ Nxd7 44. Rxh7+ Kf8 45. Nxd7+ Kg8 46. Nf6+ Kf8
47. Rh8+ 1-0

[Event "XXIV Festival A"]
[Site "Arco ITA"]
[Date "2002.10.24"]
[Round "7"]
[White "Papp, Tamas"]
[Black "Burchert, Wolfgang"]
[Result "1/2-1/2"]
[WhiteElo "2078"]
[BlackElo "2176"]
[PlyCount "58"]
[EventDate "2002.10.18"]

1. e4 d5 2. exd5 Nf6 3. d4 Nxd5 4. c4 Nb6 5. Nf3 g6 6. Nc3 Bg7 7. c5 Nd5 8. Bc4
c6 9. Qb3 O-O 10. O-O Nxc3 11. bxc3 b5 12. cxb6 axb6 13. Ne5 e6 14. Be3 Ba6 15.
a4 Bxc4 16. Qxc4 Qd5 17. Qb4 Ra6 18. c4 Qd8 19. f4 Qc7 20. c5 bxc5 21. dxc5 Nd7
22. Nxd7 Qxd7 23. Rfd1 Qa7 24. Bd4 Rb8 25. Qc3 Bxd4+ 26. Rxd4 Ra5 27. Rc4 Rd8
28. Qb4 Rd5 29. Rac1 h5 1/2-1/2

[Event "XXIV Festival A"]
[Site "Arco ITA"]
[Date "2002.10.24"]
[Round "7"]
[White "Ricci, Alfredo"]
[Black "Schaefer, Michael"]
[Result "0-1"]
[WhiteElo "2048"]
[BlackElo "2186"]
[PlyCount "97"]
[EventDate "2002.10.18"]

1. e4 c5 2. Nf3 e6 3. d4 cxd4 4. Nxd4 Nf6 5. Bd3 a6 6. O-O d6 7. c4 b6 8. b3
Bb7 9. Bb2 Nbd7 10. Nc3 g6 11. f4 Bg7 12. Bc2 O-O 13. Qd2 Qc7 14. Rad1 Rad8 15.
f5 Rfe8 16. Kh1 Ne5 17. fxe6 fxe6 18. Qg5 Qe7 19. Nf3 Nxf3 20. gxf3 Qc7 21. Na4
e5 22. Qe3 Nd7 23. Bd3 Rf8 24. Be2 Nc5 25. Nc3 Ne6 26. Nd5 Bxd5 27. cxd5 Nd4
28. Bxa6 Ra8 29. Bxd4 exd4 30. Qe2 Qa7 31. Bc4 Qxa2 32. Rd2 Qa7 33. f4 Kh8 34.
e5 dxe5 35. fxe5 Rxf1+ 36. Qxf1 Bxe5 37. Qg1 Qg7 38. Qe1 Bf4 39. Re2 Be3 40.
Rxe3 dxe3 41. Qxe3 Qf6 42. Kg2 Ra2+ 43. Be2 Kg7 44. Kg1 h6 45. h4 Kh7 46. Qe4
Qd6 47. Kf1 Kg7 48. Kg2 Rd2 49. Kh1 0-1

[Event "XXIV Festival A"]
[Site "Arco ITA"]
[Date "2002.10.24"]
[Round "7"]
[White "Roberti, Ignazio"]
[Black "Traversi, Carlo"]
[Result "1-0"]
[WhiteElo "2032"]
[BlackElo "1537"]
[PlyCount "81"]
[EventDate "2002.10.18"]

1. e4 d5 2. exd5 Qxd5 3. Nc3 Qd8 4. Nf3 Bg4 5. Bc4 e6 6. h3 Bxf3 7. Qxf3 c6 8.
d3 Nf6 9. O-O Be7 10. Qg3 g6 11. Bh6 Nbd7 12. Rae1 Nb6 13. Bxe6 fxe6 14. Rxe6
Nbd5 15. Rfe1 Kf7 16. Nxd5 Nxd5 17. c4 Bh4 18. Qf3+ Nf6 19. g3 Bxg3 20. fxg3
Qd4+ 21. Kh1 Rae8 22. Rxe8 Rxe8 23. Rxe8 Kxe8 24. Bg7 Kf7 25. Qxf6+ Qxf6 26.
Bxf6 Kxf6 27. Kg2 c5 28. Kf3 Ke5 29. Ke3 a6 30. a3 b5 31. cxb5 axb5 32. b3 g5
33. a4 bxa4 34. bxa4 Kd5 35. a5 Kc6 36. Ke4 Kb5 37. Kd5 c4 38. dxc4+ Kxa5 39.
c5 Ka6 40. c6 Ka7 41. Kd6 1-0

[Event "XXIV Festival A"]
[Site "Arco ITA"]
[Date "2002.10.24"]
[Round "7"]
[White "Roversi, Stefano"]
[Black "Giuriato, Sergio"]
[Result "0-1"]
[WhiteElo "2043"]
[BlackElo "1842"]
[PlyCount "128"]
[EventDate "2002.10.18"]

1. e4 Nc6 2. Nf3 d6 3. d4 Nf6 4. Nc3 Bg4 5. Be2 e5 6. d5 Nb8 7. h3 Bd7 8. Be3
Be7 9. O-O O-O 10. Bd3 c6 11. dxc6 bxc6 12. Qe2 Ne8 13. Rad1 Nc7 14. Rd2 Ne6
15. Bc4 Qe8 16. Bxe6 Bxe6 17. Rfd1 f6 18. Nh4 Qf7 19. g4 g6 20. Bh6 Rd8 21. Qe3
Nd7 22. Qg3 Kh8 23. Kh2 Nb6 24. Rg1 Rg8 25. f4 exf4 26. Bxf4 g5 27. Bxd6 gxh4
28. Qxh4 Bxd6+ 29. Rxd6 Nc4 30. Rd3 Ne5 31. Re3 Qg6 32. Ne2 Qg5 33. Qxg5 fxg5
34. Nd4 Rge8 35. Rf1 Bxg4 36. Nxc6 Nxc6 37. hxg4 Ne5 38. Kg3 Rad8 39. Rf5 h6
40. Rc3 Rd7 41. Rc5 Rde7 42. a4 Kg7 43. b4 Ng6 44. Ra5 Nh4 45. Rf1 Rc8 46. Rf2
Rc3+ 47. Kh2 Re3 48. e5 Nf3+ 49. Kg2 Nxe5 50. b5 Nxg4 51. Rf3 R3e6 52. c4 Ne3+
53. Rxe3 Rxe3 54. c5 R3e5 55. c6 Rc5 56. Ra6 Rc7 57. Ra5 Kf6 58. Ra6 Kf5 59.
Ra5 Kg4 60. Kf2 Kh3 61. Ke3 R7xc6 62. Rxa7 Rd6 63. Rb7 Kg3 64. a5 Re5# 0-1

[Event "XXIV Festival A"]
[Site "Arco ITA"]
[Date "2002.10.24"]
[Round "7"]
[White "Rudolf, Anna"]
[Black "Trauth, Michael"]
[Result "1/2-1/2"]
[WhiteElo "2100"]
[BlackElo "2237"]
[PlyCount "99"]
[EventDate "2002.10.18"]

1. e4 c5 2. Nf3 Nc6 3. d4 cxd4 4. Nxd4 g6 5. c4 Nf6 6. Nc3 d6 7. Be2 Nxd4 8.
Qxd4 Bg7 9. Bg5 O-O 10. Qd2 Be6 11. Rc1 a6 12. f3 b5 13. Nd5 Rc8 14. Nxf6+ exf6
15. Bf4 Bxc4 16. Bxc4 Rxc4 17. Rxc4 bxc4 18. O-O f5 19. Rc1 fxe4 20. Rxc4 exf3
21. gxf3 d5 22. Rc6 Qh4 23. Rxa6 Bxb2 24. Rd6 Rc8 25. Rxd5 Bc1 26. Bg5 Qxg5+
27. Qxg5 Bxg5 28. Rxg5 Rc1+ 29. Kf2 Rc2+ 30. Kg3 f5 31. Kh3 Rxa2 32. Rg1 Kg7
33. Kg3 g5 34. h4 h6 35. hxg5 hxg5 36. Rb1 Kg6 37. Rb6+ Kh5 38. Rb8 f4+ 39. Kh3
Rf2 40. Rb3 Re2 41. Rb8 Kg6 42. Rb5 Kf6 43. Ra5 Rf2 44. Ra6+ Ke5 45. Ra5+ Kd4
46. Ra3 Rd2 47. Kg4 Rg2+ 48. Kf5 Rg3 49. Rb3 Kc4 50. Ra3 1/2-1/2

[Event "XXIV Festival A"]
[Site "Arco ITA"]
[Date "2002.10.24"]
[Round "7"]
[White "Sedina, Elena"]
[Black "Dittmar, Peter"]
[Result "1-0"]
[WhiteElo "2428"]
[BlackElo "2320"]
[PlyCount "75"]
[EventDate "2002.10.18"]

1. e4 e6 2. d4 d5 3. e5 c5 4. c3 Nc6 5. Nf3 Bd7 6. Be2 Nge7 7. Na3 cxd4 8. cxd4
Nf5 9. Nc2 Nb4 10. O-O Nxc2 11. Qxc2 Qb6 12. Qd3 a6 13. a4 Rc8 14. Bd2 h5 15.
h4 Be7 16. g3 a5 17. Kg2 g6 18. Rfb1 Kf8 19. b4 axb4 20. a5 Qc7 21. Bxb4 Bxb4
22. Rxb4 Kg7 23. Rb2 Bc6 24. Qd2 Ra8 25. Bd3 Ra7 26. Rc2 Rha8 27. a6 Qe7 28.
Raa2 Be8 29. axb7 Rxa2 30. bxa8=Q Rxa8 31. Bxf5 exf5 32. Rc5 Bd7 33. Qc1 Be6
34. Rc7 Qe8 35. Ng5 Rd8 36. Qc5 Rd7 37. Nxe6+ fxe6 38. Qc6 1-0

[Event "XXIV Festival A"]
[Site "Arco ITA"]
[Date "2002.10.24"]
[Round "7"]
[White "Skembris, Spyridon"]
[Black "Drasko, Milan"]
[Result "1/2-1/2"]
[WhiteElo "2426"]
[BlackElo "2477"]
[PlyCount "22"]
[EventDate "2002.10.18"]

1. d4 e6 2. c4 Nf6 3. Nf3 Bb4+ 4. Bd2 c5 5. g3 Qb6 6. Qb3 Nc6 7. Bxb4 Qxb4+ 8.
Qxb4 Nxb4 9. Na3 b6 10. Bg2 Bb7 11. O-O Ke7 1/2-1/2

[Event "XXIV Festival A"]
[Site "Arco ITA"]
[Date "2002.10.24"]
[Round "7"]
[White "Stinis, Steven"]
[Black "Haldemann, Paul"]
[Result "1-0"]
[WhiteElo "2053"]
[BlackElo "2205"]
[PlyCount "51"]
[EventDate "2002.10.18"]

1. Nc3 c5 2. Nf3 e6 3. e4 a6 4. d4 cxd4 5. Nxd4 Qc7 6. Nb3 Nf6 7. Bd3 b5 8. Qe2
d6 9. O-O Bb7 10. a3 Nbd7 11. Bg5 Be7 12. a4 b4 13. Na2 d5 14. exd5 Bxd5 15.
Nd4 Qb7 16. f3 Bxa2 17. Rxa2 Qd5 18. Bxf6 Qxa2 19. Bc4 Qxa4 20. Bxe7 e5 21. Rd1
Qa5 22. Bh4 O-O 23. Nf5 Nb6 24. Bd3 Nd5 25. Qxe5 f6 26. Qxd5+ 1-0

[Event "XXIV Festival A"]
[Site "Arco ITA"]
[Date "2002.10.24"]
[Round "7"]
[White "Svensson, Leif"]
[Black "Bartonicek, Zdenek"]
[Result "0-1"]
[WhiteElo "2199"]
[BlackElo "2109"]
[PlyCount "98"]
[EventDate "2002.10.18"]

1. d4 Nf6 2. Nc3 d6 3. e4 g6 4. Be3 Bg7 5. Be2 Nbd7 6. f4 e5 7. dxe5 dxe5 8. f5
c6 9. g4 Qa5 10. Qd2 Nc5 11. g5 Nfd7 12. f6 Bf8 13. a3 Ne6 14. Nf3 b5 15. O-O
Qc7 16. b4 a6 17. Rfb1 Bb7 18. a4 Rd8 19. Qe1 h6 20. axb5 axb5 21. h4 hxg5 22.
hxg5 Nf4 23. Bf1 Qd6 24. Ra7 Rb8 25. Qg3 Qe6 26. Rd1 Bxb4 27. Rxd7 Qxd7 28.
Nxe5 Nh3+ 29. Kg2 Qd6 30. Nxb5 cxb5 31. Bxb5+ Kf8 32. Nd7+ Kg8 33. Qxd6 Bxe4+
34. Kf1 Bxd6 35. Nxb8 Bxb8 36. Re7 Bd5 37. c4 Be6 38. c5 Nf4 39. Rb7 Be5 40. c6
Nd5 41. Bc5 Rh5 42. Be7 Rxg5 43. Bd8 Bh3+ 44. Kf2 Rf5+ 45. Ke1 Bg3+ 46. Kd2
Rf2+ 47. Kd3 Bf1+ 48. Kd4 Rd2+ 49. Ke4 Bg2# 0-1

[Event "XXIV Festival A"]
[Site "Arco ITA"]
[Date "2002.10.24"]
[Round "7"]
[White "Zucchelli, Massimo"]
[Black "Ziltener, Werner"]
[Result "1-0"]
[WhiteElo "2193"]
[BlackElo "2047"]
[PlyCount "115"]
[EventDate "2002.10.18"]

1. Nf3 f5 2. g3 Nf6 3. Bg2 c6 4. d4 e6 5. Nbd2 d5 6. Ne5 Be7 7. O-O O-O 8. Ndf3
b6 9. Nd3 Bd6 10. Bf4 Bb7 11. Re1 Na6 12. c3 Ne4 13. e3 Qe7 14. Bxd6 Nxd6 15.
Nfe5 Nf7 16. b4 Nxe5 17. Nxe5 Nb8 18. f3 Nd7 19. Nxd7 Qxd7 20. e4 fxe4 21. fxe4
Ba6 22. Qg4 Qf7 23. exd5 exd5 24. Qe6 Rae8 25. Qxf7+ Kxf7 26. Kf2 Re7 27. Bf3
Ke8 28. Rxe7+ Kxe7 29. Re1+ Kd6 30. Re5 Bc8 31. Ke3 b5 32. h4 Bd7 33. g4 Re8
34. Kf4 Rf8+ 35. Ke3 Re8 36. Rxe8 Bxe8 37. Kf4 Bd7 38. Bd1 Be6 39. Bc2 h6 40.
Bg6 Bd7 41. Bf5 Be8 42. g5 hxg5+ 43. Kxg5 Bf7 44. Bc2 Be8 45. a4 bxa4 46. Bxa4
Bf7 47. Bc2 Be8 48. Bg6 Bd7 49. Bf7 Ke7 50. Bg8 Be8 51. Bh7 Bf7 52. Bd3 Kd6 53.
Ba6 Kc7 54. Be2 Kd6 55. Bh5 Be6 56. Kg6 Bh3 57. Kxg7 Ke6 58. Be8 1-0

[Event "XXIV Festival A"]
[Site "Arco ITA"]
[Date "2002.10.25"]
[Round "8"]
[White "Allegranti, Luca"]
[Black "Ricci, Alfredo"]
[Result "0-1"]
[WhiteElo "1858"]
[BlackElo "2048"]
[PlyCount "52"]
[EventDate "2002.10.18"]

1. d4 Nf6 2. Bg5 d5 3. Bxf6 gxf6 4. e3 Bf5 5. Bd3 Qd7 6. Ne2 Nc6 7. c3 e5 8. f3
O-O-O 9. Ng3 Bg6 10. Qc2 Rg8 11. a3 Bd6 12. Kf2 Ne7 13. Nd2 Bxd3 14. Qxd3 e4
15. Qe2 Bxg3+ 16. hxg3 Qd6 17. f4 Rg7 18. g4 Rdg8 19. Rh4 Nf5 20. Rh5 Rxg4 21.
Rh2 Qb6 22. b4 Qc6 23. c4 dxc4 24. Nxc4 b5 25. Nd2 Qc3 26. Rg1 Nxd4 0-1

[Event "XXIV Festival A"]
[Site "Arco ITA"]
[Date "2002.10.25"]
[Round "8"]
[White "Antoniacci, Riccardo"]
[Black "Svensson, Leif"]
[Result "0-1"]
[WhiteElo "1927"]
[BlackElo "2199"]
[PlyCount "126"]
[EventDate "2002.10.18"]

1. e4 e5 2. Bc4 Nf6 3. d4 exd4 4. Nf3 Nc6 5. O-O Nxe4 6. Re1 d5 7. Bxd5 Qxd5 8.
Nc3 Qa5 9. Nxe4 Be6 10. Neg5 O-O-O 11. Nxe6 fxe6 12. Rxe6 Bd6 13. Bg5 Rde8 14.
Qe1 Qxe1+ 15. Raxe1 Kd7 16. Rxe8 Rxe8 17. Rxe8 Kxe8 18. Kf1 Kd7 19. Bd2 Be7 20.
Ke2 Ke6 21. Kd3 Kd5 22. a3 b5 23. Bf4 Bd6 24. Bxd6 cxd6 25. b3 a5 26. h3 h6 27.
Nd2 Nd8 28. f4 Ne6 29. g3 Nc5+ 30. Ke2 Ne4 31. Nf1 Nc3+ 32. Kd3 Nb1 33. Nh2
Nxa3 34. Nf3 a4 35. Nxd4 Nb1 36. c4+ bxc4+ 37. bxc4+ Kc5 38. f5 a3 39. g4 a2
40. h4 Nd2 41. Nc2 Nf3 42. Kc3 Nxh4 43. Na1 Ng2 44. Nb3+ Kc6 45. Kb2 Ne3 46.
Nd4+ Kd7 47. Ne6 Nxc4+ 48. Kxa2 Ne5 49. Nxg7 Nxg4 50. Kb3 Nf6 51. Kc4 h5 52.
Kd4 h4 53. Ke3 d5 54. Ne6 h3 55. Kf3 h2 56. Kg2 Ng4 57. Nd4 Ke7 58. Ne2 Kf6 59.
Ng3 d4 60. Kh1 d3 61. Kg2 Ke5 62. Kf3 d2 63. Ke2 Ne3 0-1

[Event "XXIV Festival A"]
[Site "Arco ITA"]
[Date "2002.10.25"]
[Round "8"]
[White "Astengo, Marcello"]
[Black "Knors, Rudi"]
[Result "1-0"]
[WhiteElo "2092"]
[BlackElo "2034"]
[PlyCount "117"]
[EventDate "2002.10.18"]

1. d4 d5 2. Nf3 Nf6 3. Bf4 c6 4. e3 Bg4 5. Nbd2 e6 6. h3 Bh5 7. g4 Bg6 8. Ne5
Nfd7 9. Nxg6 hxg6 10. g5 Qb6 11. Bd3 c5 12. c4 cxd4 13. O-O Bb4 14. cxd5 exd5
15. Nb3 Qe6 16. Nxd4 Qxh3 17. Qf3 Qxf3 18. Nxf3 Nc6 19. Rac1 O-O 20. Ba6 Nd8
21. Bb5 Nb6 22. a3 a6 23. Be2 Be7 24. Rc7 Re8 25. Rfc1 Ne6 26. Rxb7 Nxf4 27.
exf4 Nc4 28. Bxc4 dxc4 29. Rxc4 Bd6 30. Rd4 Red8 31. Rb6 Be7 32. Rxd8+ Bxd8 33.
Rb7 f6 34. Kf1 Kf8 35. Ke2 Be7 36. Nd4 Re8 37. Kf3 Bc5 38. Nc6 Rc8 39. Rb8 Rxb8
40. Nxb8 Bd4 41. b4 Ke8 42. a4 Bc3 43. Nxa6 Kd7 44. Ke4 Kc6 45. f3 Bd2 46. gxf6
gxf6 47. f5 gxf5+ 48. Kxf5 Kb6 49. b5 Bc3 50. Ke4 Ka5 51. Kd5 Be5 52. Kc6 Kxa4
53. b6 Ka5 54. Nc5 Bf4 55. b7 Bg3 56. Ne6 Bb8 57. Nc5 Bg3 58. Nd7 Kb4 59. Kd5
1-0

[Event "XXIV Festival A"]
[Site "Arco ITA"]
[Date "2002.10.25"]
[Round "8"]
[White "Bartonicek, Zdenek"]
[Black "Djuric, Stefan"]
[Result "0-1"]
[WhiteElo "2109"]
[BlackElo "2490"]
[PlyCount "52"]
[EventDate "2002.10.18"]

1. d4 Nf6 2. c4 g6 3. g3 Bg7 4. Bg2 d5 5. Nc3 dxc4 6. Qa4+ Nfd7 7. e3 O-O 8.
Qxc4 c5 9. Nf3 cxd4 10. exd4 Nb6 11. Qd3 Nc6 12. Be3 e5 13. d5 Nb4 14. Qe2 Bf5
15. Rd1 Nc2+ 16. Kf1 Nxe3+ 17. fxe3 Rc8 18. Nd2 Bd7 19. Kf2 f5 20. Rhf1 e4 21.
Ndb1 Nc4 22. Rfe1 Bh6 23. Qc2 Qb6 24. Qc1 Nxe3 25. Rxe3 f4 26. gxf4 Rxf4+ 0-1